Suurin L:llä alkava kaupunki - Statistics

Yleistilastot
  • Tätä visaa on pelattu 215 kertaa
  • Keskiarvotulos 14 / 22
Vastaustilastot
Maa L-kaupunki % Oikein
Peru Lima
95%
Suomi Lahti
90%
Portugali Lissabon
85%
Yhdysvallat Los Angeles
79%
Ranska Lyon
78%
Nigeria Lagos
76%
Angola Luanda
75%
Sambia Lusaka
73%
Egypti Luxor
71%
Pakistan Lahore
66%
Sveitsi Lausanne
64%
Gabon Libreville
63%
Togo Lome
62%
Ukraina Lviv
62%
Saksa Leipzig
58%
Kypros Limassol
58%
Irlanti Limerick
52%
Puola Łodz
52%
Itävalta Linz
51%
Italia Livorno
42%
Intia Lucknow
41%
Kongon Demokraattinen tasavalta Lubumbashi
39%
Ehtoja vastaavia visoja ei löytynyt
Tulosjakauma
Jokaisen tuloksen saaneiden osuus
Persentiili vastausten määrän mukaan
Tuloshistoriasi
Et ole pelannut tätä visaa